| 000 | 00521nam a22001817a 4500 | ||
|---|---|---|---|
| 999 |
_c30850 _d30849 |
||
| 003 | OSt | ||
| 005 | 20180831081054.0 | ||
| 008 | 180831b ||||| |||| 00| 0 eng d | ||
| 020 | _a9780393930566 | ||
| 040 |
_aMMU _bEng _cMMU _dMMU |
||
| 050 | _aE169.1 .I587 2015 | ||
| 100 | _aCull, Tom | ||
| 245 |
_aAmerican studies 1020: _bIntroduction to amercan studies/ _cTom Cull |
||
| 260 |
_aNew York: _bWestern Unversity Canada, _c2015. |
||
| 300 | _a84 p.: | ||
| 500 | _aincludes index, bibliography, | ||
| 942 |
_2lcc _cLOAN LOAN |
||